Wird geladen...

Manassinte Vilikal /

Bibliographische Detailangaben
1. Verfasser: Koodalil M.
Format: Printed Book
Sprache:Malayalam
Veröffentlicht: Thevara : Janatha Book Stall , 1982.
LEADER 00472nam a2200145Ia 4500
008 150624b xxu||||| |||| 00| | mal d
082 |a 152 
100 |a Koodalil M. 
245 |c Koodalil M.  |a Manassinte Vilikal / 
260 |a Thevara :  |b Janatha Book Stall ,  |c 1982. 
300 |a 163 p. 
546 |a In Malayalam. 
942 |c BK 
999 |c 78492  |d 78492 
952 |0 0  |1 0  |4 2  |6 152_000000000000000_KOO_M_M  |7 0  |9 78436  |a UL  |b UL  |c ST1  |d 1998-09-15  |l 0  |o 152 KOO/M M  |p 49489  |r 2012-10-27  |w 2012-10-27  |y BK